000 00946nam0a22002651 4500
001 rc\2811478
005 20250806210642.0
035 _a(NLR Aleph) 006937320
090 _a35859
_c35859
100 _a20110915d1944 u y0rusy50 ca
101 0 _arus
102 _aRU
105 _aa z |||||
200 1 _aОписание и руководство по ремонту масляного насоса МШ-5А
_fСост. Н. И. Батяйкин
_gПод ред. Н. И. Топорского
210 _a[Москва]
_cОборонгиз
_d1944
215 _a64 с., 2 л. черт., без тит. л.
_cил., черт.
_d20 см.
700 1 _aБатяйкин
_bН.И.
702 1 _aТопорский
_bН.И.
_4340
801 0 _aRU
_bNLR
_gpsbo
801 1 _aRU
_bELAR
_2rusmarc
852 _aNLR
_jТ14 Г-4/165
942 _cBOOK
945 _aРоссийская национальная библиотека
980 _aNB
980 _aBV